000 00426nam a2200145Ia 4500
008 240729s9999 xx 000 0 und d
022 _a2695-8821
245 0 _aJournal of Applied Research in Technology & Engineering
260 _aSpain
260 _bUniversitat Politècnica de València
650 _aTechnology
856 _uhttps://doaj.org/toc/8ee9fa39fc2a492eb737c8cae40ae240
942 _2ddc
942 _cDOAJEJ
999 _c71326
_d71326
945 _a1
_bMadushi Gamage
_c1
_dMadushi Gamage